| 000 | 00657nam a2200229Ia 4500 | ||
|---|---|---|---|
| 001 | 8088 | ||
| 003 | GE_BSU | ||
| 008 | 181216s||||||||xx |||||||||||||| ||und|| | ||
| 040 | _cGE_BSU | ||
| 080 | _a621.83(035) | ||
| 100 | _aКраузе,Г.Н. Кутулин,Н.Д. Сыцко,С.А. | ||
| 245 | _aРедукторы. | ||
| 245 | _bСправочнае пособие. | ||
| 250 | _aИзд. 2-е, перераб. и доп. | ||
| 260 | _aЛ. | ||
| 260 | _bМашиностроение. | ||
| 260 | _c1972. | ||
| 300 | _a144 стр. 82 илл. 26см. 5 Библиогр. | ||
| 300 | _e206 табл. | ||
| 653 | _aРедукторы. | ||
| 942 | _cBK | ||
| 999 |
_c41426 _d41426 |
||